| 000 | 01409cam a22003734i 4500 | ||
|---|---|---|---|
| 003 | PE-LiUPU | ||
| 005 | 20250731184056.0 | ||
| 008 | 150617s r 000 0 d | ||
| 035 | _a(Sirsi) a20077 | ||
| 040 |
_aPE-LiUPU _bspa _cPE-LiUPU _erda |
||
| 049 | _aPRUA | ||
| 082 | 0 | 4 |
_a801.9504 _bH76 _221 |
| 100 | 1 |
_aHoria, Vintila, _eautor. |
|
| 245 | 1 | 0 | _aIntroducción a la literatura del siglo XX. |
| 264 | 1 |
_aSantiago de Chile : _bEditorial Andrés Bello, _c1989. |
|
| 300 |
_a386 páginas ; _c23 cm |
||
| 336 |
_atext _2rdacontent |
||
| 337 |
_aunmediated _2rdamedia |
||
| 338 |
_avolume _2rdacarrier |
||
| 505 | 0 | _aGrandeza y limitaciones de las vanguardias europeas -- Literatura sovietica -- El espacio de Viena -- Novela y utopía -- Literatura norteamericana. | |
| 526 | _aP145 | ||
| 526 | _aP127 | ||
| 526 | _aP97 | ||
| 526 | _aP14 | ||
| 526 | _aP07 | ||
| 650 | 0 | 4 |
_aLiteratura _ySiglo XX. _92360 |
| 910 |
_ajck _bjvq _cjck _d20150616 |
||
| 942 |
_2ddc _cBOOK |
||
| 949 |
_a801.9504 H76 _wDEWEY _c1 _i36858 _lCCODEBUL1 _mBUL _p00.00 _r0 _sY _tBOOK _u19941122 _xEDUCACION _zUNKNOWN _0COMPRA _o.STAFF. Colección General |
||
| 994 |
_aC0 _bPEPRU |
||
| 596 | _a1 | ||
| 999 |
_a801.9504 H76 _wDEWEY _c19953 _i36858 _d19953 _e2017-2-24 _f2021-11-9 _g4 _lCCODEBUL1 _mBUL _n1 _r0 _sY _tBOOK _u2015-6-17 _xEDUCACION _zUNKNOWN _0COMPRA _o.STAFF. Colección General |
||
| 980 |
_81 _gALBERTO SANCHEZ Responsable de Automatización |
||